[Event "RUS-Cup06"]
[Site "Nizhnij Novgorod"]
[Date "1998.07.07"]
[Round "9"]
[White "Savitskaya, Ekaterina P"]
[Black "Shurygin, Sergey"]
[Result "0-1"]
[WhiteElo "2220"]
[BlackElo "2305"]
[PlyCount "120"]
[EventDate "1998.06.29"]
[EventType "swiss"]
[EventRounds "9"]
[EventCountry "RUS"]
[SourceTitle "EXT 2000"]
[Source "ChessBase"]
[SourceDate "1999.11.16"]
[SourceVersion "1"]
[SourceVersionDate "1999.11.16"]
[SourceQuality "1"]

1. d4 d5 2. c4 c6 3. Nf3 Nf6 4. Nc3 dxc4 5. a4 Bf5 6. e3 e6 7. Bxc4 Bb4 8. 0-0 Nbd7 9. Qe2 Bg6 10. Ne5 Nxe5 11. dxe5 Nd7 12. f4 Nb6 13. Na2 Bc5 14. a5 Nxc4 15. Qxc4 Qd5 16. Qxd5 cxd5 17. Nc3 0-0 18. Bd2 Rac8 19. Rfc1 f6 20. Na4 Be7 21. Bc3 Be8 22. exf6 gxf6 23. Rd1 Rc4 24. Rd4 Rc6 25. f5 Kf7 26. fxe6+ Rxe6 27. Kf2 Re4 28. Rxe4 dxe4 29. Bd4 a6 30. Bc5 Bc6 31. Bxe7 Kxe7 32. Nc3 Rd8 33. Ke2 Rg8 34. g3 Rg5 35. b4 Bb5+ 36. Nxb5 Rxb5 37. Rb1 Ke6 38. Kf2 b6 39. axb6 a5 40. Ke2 axb4 41. Kd2 Rxb6 42. Kc2 f5 43. Kb3 Rd6 44. Kc4 Rd2 45. h4 Rd3 46. Rxb4 Rxe3 47. Rb6+ Ke5 48. Rb5+ Kf6 49. Rb6+ Kg7 50. Rb5 Kg6 51. g4 f4 52. Rg5+ Kh6 53. Rh5+ Kg7 54. Rg5+ Kh8 55. Kd4 Re2 56. h5 h6 57. Rf5 f3 58. Ke5 f2 59. Kf6 Ra2 60. Ke7 Ra7+ 0-1

[Event "EU-ch U20 Girls"]
[Site "Tallinn"]
[Date "1997.09.19"]
[Round "10"]
[White "Martyniuk, Tatiana"]
[Black "Savitskaya, Ekaterina P"]
[Result "1-0"]
[WhiteElo "2120"]
[BlackElo "2260"]
[PlyCount "73"]
[EventDate "1997.09.10"]
[EventType "swiss"]
[EventRounds "11"]
[EventCountry "EST"]
[SourceTitle "CBM 059 Extra"]
[Source "ChessBase"]
[SourceDate "1997.09.26"]
[SourceVersion "1"]
[SourceVersionDate "1997.09.26"]
[SourceQuality "1"]

1. e4 c5 2. Nf3 Nc6 3. g3 e6 4. d3 d5 5. Nbd2 Bd6 6. Bg2 Nge7 7. 0-0 0-0 8. Re1 f6 9. c3 d4 10. c4 e5 11. Nf1 Be6 12. h3 a6 13. Nh4 b5 14. b3 Qc7 15. g4 b4 16. Ng3 a5 17. Nhf5 g6 18. Nh6+ Kh8 19. h4 a4 20. bxa4 Qa5 21. g5 Qxa4 22. Qe2 Ng8 23. Nxg8 Kxg8 24. gxf6 Rxf6 25. f4 Bf8 26. f5 Bc8 27. Bg5 Rf7 28. fxg6 hxg6 29. h5 gxh5 30. Nxh5 Bg7 31. Rf1 Qa7 32. Nf6+ Kf8 33. Qh5 Be6 34. Qg6 Bxf6 35. Bxf6 Ke8 36. Bg5 Rb8 37. Qxe6+ 1-0

[Event "EU-ch U20 Girls"]
[Site "Tallinn"]
[Date "1997.09.11"]
[Round "2"]
[White "Bochnickova, Andrea"]
[Black "Savitskaya, Ekaterina P"]
[Result "0-1"]
[WhiteElo "2140"]
[BlackElo "2260"]
[PlyCount "80"]
[EventDate "1997.09.10"]
[EventType "swiss"]
[EventRounds "11"]
[EventCountry "EST"]
[SourceTitle "CBM 059 Extra"]
[Source "ChessBase"]
[SourceDate "1997.09.26"]
[SourceVersion "1"]
[SourceVersionDate "1997.09.26"]
[SourceQuality "1"]

1. e4 c5 2. Nf3 Nc6 3. d4 cxd4 4. Nxd4 e5 5. Nb5 d6 6. c4 Be7 7. N1c3 a6 8. Na3 Be6 9. Be2 Bg5 10. 0-0 Bxc1 11. Rxc1 Nf6 12. Nc2 0-0 13. Qd3 Rc8 14. Nd5 Ne8 15. Qg3 Kh8 16. b3 g6 17. f4 f5 18. Bd3 Ng7 19. Kh1 Nh5 20. Qe1 exf4 21. Nxf4 Nxf4 22. Rxf4 Ne5 23. Qc3 fxe4 24. Rxf8+ Qxf8 25. Bxe4 Qf4 26. Qe3 Qxe3 27. Nxe3 b5 28. Bb7 Rc7 29. Bd5 Bxd5 30. Nxd5 Rc5 31. Ne3 bxc4 32. bxc4 Ra5 33. Rc2 Kg7 34. Kg1 Kf6 35. Kf1 Ke6 36. Ke2 Kd7 37. Kd2 Kc6 38. Rb2 Ra3 39. Rc2 Kc5 40. Kd1 Rxe3 0-1

[Event "RUS-ch (Women) sf"]
[Site "Kolontaevo"]
[Date "1997.??.??"]
[Round "?"]
[White "Kulish, Irina"]
[Black "Savitskaya, Ekaterina P"]
[Result "1-0"]
[WhiteElo "2255"]
[BlackElo "2220"]
[PlyCount "124"]
[EventDate "1997.??.??"]
[EventType "swiss"]
[EventRounds "9"]
[EventCountry "RUS"]
[SourceTitle "EXT 1999"]
[Source "ChessBase"]
[SourceDate "1998.11.16"]
[SourceVersion "1"]
[SourceVersionDate "1998.11.16"]
[SourceQuality "1"]

1. e4 c5 2. Nf3 Nc6 3. Bb5 g6 4. Bxc6 bxc6 5. 0-0 Bg7 6. Re1 Nh6 7. c3 0-0 8. h3 f6 9. d4 cxd4 10. cxd4 Nf7 11. Nc3 d5 12. Qa4 Bd7 13. Qa3 e6 14. Bd2 Re8 15. Rad1 Qc7 16. b3 Qd6 17. Qxd6 Nxd6 18. e5 Nf7 19. exf6 Bxf6 20. Na4 e5 21. Nc5 Bc8 22. dxe5 Nxe5 23. Nd4 Kf7 24. Be3 Be7 25. Nc2 Nd7 26. Nd3 a5 27. Nb2 Bb7 28. Bf4 Nc5 29. Nd4 Bf6 30. Be3 Nd7 31. Na4 Rec8 32. Rc1 Be7 33. Bf4 Ra6 34. Ne6 c5 35. Ng5+ Bxg5 36. Bxg5 Re6 37. Rxe6 Kxe6 38. Re1+ Kd6 39. Bf4+ Kc6 40. Nc3 Nf8 41. Na4 Ba6 42. Bd2 Ra8 43. Rc1 c4 44. Nb2 Kc5 45. Bxa5 Bb7 46. a3 Kb5 47. Bb4 cxb3 48. Rc5+ Kb6 49. Rc3 Ne6 50. Rxb3 d4 51. Nc4+ Kc7 52. Rb1 Bd5 53. Ne5 Kd8 54. Rc1 Rc8 55. Be7+ Kxe7 56. Rxc8 Nf4 57. f3 d3 58. Nxd3 Nxd3 59. Rc7+ Kf6 60. Rxh7 Nf4 61. Ra7 Ke5 62. a4 Ne6 1-0

[Event "RUS-ch (Women) sf1"]
[Site "Kolontaevo"]
[Date "1997.??.??"]
[Round "?"]
[White "Mashinskaya, Iulia"]
[Black "Savitskaya, Ekaterina P"]
[Result "0-1"]
[WhiteElo "2240"]
[BlackElo "2220"]
[PlyCount "116"]
[EventDate "1997.??.??"]
[EventType "tourn"]
[EventRounds "11"]
[EventCountry "RUS"]
[SourceTitle "EXT 1999"]
[Source "ChessBase"]
[SourceDate "1998.11.16"]
[SourceVersion "1"]
[SourceVersionDate "1998.11.16"]
[SourceQuality "1"]

1. e4 c5 2. Nf3 e6 3. d3 d5 4. Qe2 Nf6 5. g3 Nc6 6. Bg2 Be7 7. 0-0 0-0 8. e5 Nd7 9. h4 b5 10. Re1 Nb6 11. Nbd2 Bd7 12. Nf1 b4 13. N1h2 a5 14. Bg5 a4 15. a3 c4 16. d4 h6 17. Bc1 c3 18. bxc3 bxa3 19. Nd2 Na5 20. Qg4 Kh8 21. Bf1 f5 22. exf6 Rxf6 23. Qe2 Nac4 24. Ng4 Rf8 25. Nxc4 Nxc4 26. Qd1 Nb2 27. Qd2 Qe8 28. Ne5 Kg8 29. Qe2 Bc8 30. Bh3 Ra6 31. h5 Rb6 32. Ng6 Rf6 33. Nf4 Qd8 34. Bg2 Bf8 35. Ng6 Nc4 36. g4 Rf7 37. g5 hxg5 38. Qg4 e5 39. Qxg5 Qxg5 40. Bxg5 e4 41. Nxf8 Rxf8 42. Be7 Rf5 43. Bxa3 Rxh5 44. Bc1 Rg6 45. Bf4 Bh3 46. Bg3 Bxg2 47. Kxg2 a3 48. Kf1 Rh1+ 49. Ke2 Rxe1+ 50. Rxe1 Rb6 51. f3 exf3+ 52. Kxf3 Rb2 53. Re8+ Kf7 54. Ra8 a2 55. Be5 Rxc2 56. Ra7+ Ke6 57. Kf4 Nd2 58. Ra6+ Kd7 0-1

[Event "Moscow-ch (Women)"]
[Site "Moscow"]
[Date "1997.??.??"]
[Round "5"]
[White "Mirzoeva, Elmira"]
[Black "Savitskaya, Ekaterina P"]
[Result "1-0"]
[WhiteElo "2025"]
[BlackElo "2220"]
[PlyCount "85"]
[EventDate "1997.??.??"]
[EventType "tourn"]
[EventRounds "11"]
[EventCountry "RUS"]
[SourceTitle "EXT 2000"]
[Source "ChessBase"]
[SourceDate "1999.11.16"]
[SourceVersion "1"]
[SourceVersionDate "1999.11.16"]
[SourceQuality "1"]

1. Nf3 d5 2. b3 c5 3. Bb2 f6 4. d4 cxd4 5. Nxd4 e5 6. Nf3 Bc5 7. e3 Ne7 8. Be2 Be6 9. 0-0 Nbc6 10. Nbd2 0-0 11. Rc1 Qd6 12. c4 e4 13. Nd4 Nxd4 14. exd4 Bb4 15. a3 Ba5 16. g3 Bc7 17. cxd5 Bxd5 18. Qc2 Rac8 19. Nxe4 Qe6 20. Nc5 Qh3 21. f3 b6 22. Ba6 bxc5 23. Bxc8 Rxc8 24. dxc5 Nf5 25. Qd3 Rd8 26. Rc2 Bf7 27. Qc3 Nd4 28. Rd2 Bxg3 29. Qe3 Ne6 30. hxg3 Rxd2 31. Qxd2 Qxg3+ 32. Qg2 Qf4 33. b4 Qe3+ 34. Qf2 Qg5+ 35. Kh2 Qf4+ 36. Qg3 Qh6+ 37. Kg2 Qd2+ 38. Rf2 Qd7 39. Bxf6 Bg6 40. Bb2 Kf7 41. Qh4 Kg8 42. b5 Nc7 43. Qd4 1-0

[Event "RUS-ch (Women) sf"]
[Site "Kolontaevo"]
[Date "1997.??.??"]
[Round "?"]
[White "Ruchieva, Natalia"]
[Black "Savitskaya, Ekaterina P"]
[Result "1-0"]
[WhiteElo "2215"]
[BlackElo "2220"]
[PlyCount "39"]
[EventDate "1997.??.??"]
[EventType "swiss"]
[EventRounds "9"]
[EventCountry "RUS"]
[SourceTitle "EXT 1999"]
[Source "ChessBase"]
[SourceDate "1998.11.16"]
[SourceVersion "1"]
[SourceVersionDate "1998.11.16"]
[SourceQuality "1"]

1. e4 d5 2. exd5 Nf6 3. c4 e6 4. dxe6 Bxe6 5. Nf3 Nc6 6. Be2 Bc5 7. d3 Qd7 8. 0-0 0-0-0 9. Nbd2 Bg4 10. Nb3 Be7 11. Be3 Bxf3 12. Bxf3 Ne5 13. Na5 b6 14. d4 bxa5 15. dxe5 Qxd1 16. Rfxd1 Nd7 17. Bg4 a6 18. Rd3 h5 19. Bh3 g5 20. Bf5 1-0

[Event "RUS-ch (Women) sf1"]
[Site "Kolontaevo"]
[Date "1997.??.??"]
[Round "?"]
[White "Savitskaya, Ekaterina P"]
[Black "Atalik, Ekaterina"]
[Result "0-1"]
[WhiteElo "2220"]
[BlackElo "2170"]
[PlyCount "26"]
[EventDate "1997.??.??"]
[EventType "tourn"]
[EventRounds "11"]
[EventCountry "RUS"]
[SourceTitle "EXT 1999"]
[Source "ChessBase"]
[SourceDate "1998.11.16"]
[SourceVersion "1"]
[SourceVersionDate "1998.11.16"]
[SourceQuality "1"]

1. d4 d5 2. c4 dxc4 3. Nf3 Nf6 4. e3 e6 5. Bxc4 c5 6. 0-0 a6 7. Bb3 Nc6 8. Nc3 Be7 9. Qe2 Qc7 10. dxc5 Bxc5 11. e4 Ng4 12. h3 Nd4 13. Ba4+ b5 0-1

[Event "Pripis Memorial"]
[Site "Moscow"]
[Date "1997.??.??"]
[Round "6"]
[White "Savitskaya, Ekaterina P"]
[Black "Castaneda, Georgui"]
[Result "1-0"]
[WhiteElo "2220"]
[BlackElo "2375"]
[PlyCount "57"]
[EventDate "1997.??.??"]
[EventType "tourn"]
[EventRounds "10"]
[EventCountry "RUS"]
[SourceTitle "EXT 2000"]
[Source "ChessBase"]
[SourceDate "1999.11.16"]
[SourceVersion "1"]
[SourceVersionDate "1999.11.16"]
[SourceQuality "1"]

1. d4 e6 2. c4 Nf6 3. Nc3 Bb4 4. e3 d5 5. Bd3 0-0 6. Nf3 b6 7. 0-0 Bb7 8. a3 Bd6 9. b4 dxc4 10. Bxc4 a5 11. b5 Nbd7 12. Bb2 e5 13. Nxe5 Nxe5 14. dxe5 Bxe5 15. Qe2 Qe7 16. Rac1 Rad8 17. Rfd1 h5 18. h3 h4 19. Rc2 Bd6 20. Rcd2 Ne4 21. Nxe4 Qxe4 22. Qf1 Be7 23. Rd4 Qc2 24. Rxd8 Bxd8 25. Ba1 Be7 26. Qd3 Qa4 27. Qd4 Qxd1+ 28. Qxd1 Rd8 29. Qh5 1-0

[Event "Moscow-ch"]
[Site "Moscow"]
[Date "1996.??.??"]
[Round "5"]
[White "Lundin, Alexandr"]
[Black "Savitskaya, Ekaterina P"]
[Result "0-1"]
[WhiteElo "2315"]
[BlackElo "2170"]
[PlyCount "117"]
[EventDate "1996.08.??"]
[EventType "swiss"]
[EventRounds "11"]
[EventCountry "RUS"]
[SourceTitle "CBM 055 Extra"]
[Source "ChessBase"]
[SourceDate "1997.01.01"]
[SourceVersion "1"]
[SourceVersionDate "1997.01.01"]
[SourceQuality "1"]

1. d4 e6 2. c4 f5 3. Nf3 Nf6 4. g3 Be7 5. Bg2 0-0 6. 0-0 d6 7. Nc3 Qe8 8. b3 a5 9. Bb2 c6 10. Re1 Qh5 11. e4 fxe4 12. Nxe4 Nxe4 13. Rxe4 Na6 14. a3 Nc7 15. Ne1 Qf7 16. Rf4 Bf6 17. Nd3 Qe7 18. Re4 Bd7 19. Re1 Qf7 20. Qe2 Rae8 21. Rac1 g6 22. c5 Nb5 23. Qe3 Qg7 24. Rc4 dxc5 25. Nxc5 Nd6 26. Ra4 Nf5 27. Qd3 Bc8 28. Ne4 Bd8 29. Rc4 Bc7 30. Ng5 Qf6 31. Nf3 Rd8 32. Rc2 Qe7 33. Qc3 Qf6 34. Qc4 Qe7 35. Rce2 Rde8 36. h4 h6 37. Ne5 Kh7 38. Qc3 Bb6 39. Nf3 Qf6 40. Qc4 Qe7 41. Ne5 Qf6 42. b4 axb4 43. axb4 Rd8 44. Rd1 Qe7 45. Red2 Qf6 46. Qe2 Ba7 47. Kh2 Bb6 48. Nf3 Qe7 49. b5 c5 50. Ba3 Qc7 51. Rc2 Qd6 52. Rcd2 Qe7 53. Rc1 Rd5 54. Rdc2 Nxd4 55. Nxd4 Rxd4 56. Bxc5 Bxc5 57. Rxc5 Bd7 58. Bh3 Qd6 59. R5c2 0-1

[Event "Moscow Alekhine op"]
[Site "Moscow"]
[Date "1996.??.??"]
[Round "3"]
[White "Novgorodskij, Vladimir"]
[Black "Savitskaya, Ekaterina P"]
[Result "1-0"]
[WhiteElo "2325"]
[BlackElo "2170"]
[PlyCount "97"]
[EventDate "1996.??.??"]
[EventType "swiss"]
[EventRounds "9"]
[EventCountry "RUS"]
[SourceTitle "EXT 1998"]
[Source "ChessBase"]
[SourceDate "1997.11.17"]
[SourceVersion "1"]
[SourceVersionDate "1997.11.17"]
[SourceQuality "1"]

1. e4 c5 2. Nf3 Nc6 3. d4 cxd4 4. Nxd4 e5 5. Nb5 d6 6. c4 Be7 7. N1c3 a6 8. Na3 Be6 9. Nc2 Nf6 10. Be2 Rc8 11. Qd3 0-0 12. Nd5 Nd7 13. b4 f5 14. Bf3 f4 15. h3 Nf6 16. Bb2 Na7 17. 0-0 Nxd5 18. exd5 Bf5 19. Be4 Bxe4 20. Qxe4 f3 21. g3 Qd7 22. Kh2 Rf6 23. Ne3 Rcf8 24. c5 Rh6 25. Qg4 Qxg4 26. Nxg4 Rh5 27. Rac1 e4 28. Rfd1 Rd8 29. cxd6 Bxd6 30. Rc4 Re8 31. a3 Nb5 32. Ne3 Nc7 33. Rc2 Rd8 34. Rcd2 Kf7 35. Nc4 Ne8 36. Re1 Bc7 37. Rxe4 Rhxd5 38. Rxd5 Rxd5 39. Re3 Rf5 40. Be5 Kf8 41. Bxc7 Nxc7 42. Nd6 Rf6 43. Nxb7 g5 44. Nc5 Rf5 45. g4 Rf4 46. Kg3 Rc4 47. Rxf3+ Kg7 48. Rd3 Kg8 49. Rd8+ 1-0

[Event "RUS-Cup2"]
[Site "Moscow"]
[Date "1996.??.??"]
[Round "4"]
[White "Savitskaya, Ekaterina P"]
[Black "Gusev, Yuri S"]
[Result "1-0"]
[WhiteElo "2170"]
[BlackElo "2310"]
[PlyCount "99"]
[EventDate "1996.11.28"]
[EventType "swiss"]
[EventRounds "9"]
[EventCountry "RUS"]
[SourceTitle "CBM 056 Extra"]
[Source "ChessBase"]
[SourceDate "1997.03.01"]
[SourceVersion "1"]
[SourceVersionDate "1997.03.01"]
[SourceQuality "1"]

1. d4 e6 2. c4 f5 3. g3 Nf6 4. Bg2 Bb4+ 5. Bd2 Qe7 6. a3 Bxd2+ 7. Qxd2 0-0 8. Nc3 d6 9. Nf3 Nc6 10. b4 e5 11. d5 Nd8 12. 0-0 Nf7 13. Rac1 a5 14. Rfd1 e4 15. Nd4 Ng4 16. Nc2 axb4 17. axb4 Re8 18. f3 Nge5 19. Qd4 Ng6 20. f4 h5 21. Ne3 h4 22. c5 hxg3 23. hxg3 Bd7 24. Ra1 Nh6 25. c6 bxc6 26. dxc6 Be6 27. Ncd5 Qf7 28. b5 Nf8 29. b6 Bxd5 30. Rxa8 Rxa8 31. b7 Bxc6 32. bxa8Q Bxa8 33. Qa7 Bc6 34. Rc1 Qd7 35. Qa2+ Ne6 36. Rxc6 Qxc6 37. Qxe6+ Kh7 38. Kf2 Qc5 39. Bh3 g6 40. Qe7+ Kh8 41. Qe6 Kg7 42. Qb3 c6 43. Kg2 d5 44. Qb2+ Kf7 45. Nc2 Qc4 46. Nd4 c5 47. Nc6 Qa6 48. Ne5+ Ke7 49. Kf2 Nf7 50. Qb8 1-0